000 01020nam a2200277Ia 4500
003 OSt
005 20220930092741.0
006 a|||||r|||| 00| 0
007 ta
008 220926b |||||||| |||| 00| 0 eng d
024 _a24305
037 _cTheses
040 _aCRL
_cCRL
_beng
041 _2eng
_aeng
100 _aAshok Kumar
110 _aUniversity OF Delhi. Faculty OF Medical Sciences. Department OF General Medicine
_9544737
245 0 _aCorrelation of sensitivity c- reactive protein and soluble triggering expressed on myeloid cells - 1 with disease severity of bronchial asthma
260 _c2015
650 _aMEDICINE
700 _a Dr. D. P. Bhadoria Gu.
_9536064
700 _a Dr. Pramod Lali Gu.
_9537563
700 _a Dr. Suresh Kumar Gu.
_9533791
700 _aUniversity OF Delhi. Faculty OF Medical Sciences. Department OF General Medicine
_9544739
942 _cDIS
_2CC
999 _c884242
_d884242